000 00640 a2200193 4500
999 _c6522
_d6522
020 _a9780702141836
050 _aQK867 PRI 1997
100 _aPrimary Science Programme, Western Cape
_eauthor
245 _aTeaching the topic plants /
_cPrimary science programme, Western Cape
264 _aKenwyn :
_bJuta & Co.
_c1997.
300 _a90p. :
_bill.
500 _aIllustrations by Lyn de la Motte
650 _aPlants -- Study and teaching (Primary)
650 _aTeaching -- Aids and devices.
650 _aBotany.
650 _aPlants -- Study and teaching.
700 _aDe la Motte, Lyn
_eillustrator
942 _2lcc
_cBK
_h867
_iPRI
_kQK